| 000 | 01279nam2a2200229 4500 | ||
|---|---|---|---|
| 001 | rc\2875696 | ||
| 005 | 20260315070923.0 | ||
| 035 | _a(NLR Aleph) 007204439 | ||
| 090 |
_a13628771 _c13628771 |
||
| 100 | _a20110716d1931 u y0rusy50 ca | ||
| 101 | 0 | _arus | |
| 102 | _aRU | ||
| 105 | _ay z ||||| | ||
| 200 | 1 | _aМетодика исследования физического развития и телосложения подростка в целях профконсультации | |
| 210 | _d1931 | ||
| 461 | 0 |
_1001rc\2875680 _12001#$aТруды ... Государственного научного института охраны труда НКТ, НКЗ и ВСНХ$e[№ 1]-$v№ 17. (Т. 9, вып. 2) _97648981 _aВсесоюзный центральный институт экономики, организации и оздоровления труда _cМосква _d1928-1935 _nНар. ком. внутренних дел _o[№ 1]- _tТруды ... Государственного научного института охраны труда НКТ, НКЗ и ВСНХ _v№ 17. (Т. 9, вып. 2) |
|
| 700 | 1 |
_aПокровский _bА.Н. |
|
| 801 | 0 |
_aRU _bNLR _gpsbo |
|
| 801 | 1 |
_aRU _bELAR _2rusmarc |
|
| 852 |
_aNLR _j30.19/691 |
||
| 942 | _cUNSPEC | ||
| 980 | _aNB | ||